[Event "SRB-ch Semifinal 2022"]
[Site "Paracin"]
[Date "2022.03.20"]
[Round "5.4"]
[White "Ratkovic, Milovan"]
[Black "Milosevic, Milos"]
[Result "1/2-1/2"]
[WhiteElo "2440"]
[BlackElo "2296"]
[Annotator "TA"]
[PlyCount "142"]
[EventDate "2022.03.17"]
[EventType "swiss"]
[EventCountry "SRB"]
[SourceTitle "playchess.com"]
[Source "ChessBase"]
[SourceQuality "1"]

{[%evp 9,142,25,31,29,52,45,43,35,68,78,85,71,76,70,75,36,41,36,35,35,35,35,37,34,35,35,47,31,43,25,20,5,25,0,41,16,42,39,47,33,29,24,54,18,20,28,28,28,28,28,25,0,0,0,39,45,79,73,97,40,98,100,141,141,141,141,133,126,125,99,99,98,98,98,451,451,451,451,451,451,451,451,451,451,451,451,451,451,451,451,451,451,451,451,451,415,451,172,451,451,451,451,451,451,451,451,451,451,451,451,451,449,449,449,451,449,449,225,449,449,449,449,449,449,449,449,450,164,449,449,449,449,449,8,8]} 1. d4 e6 2. c4 f5 3. Nc3 Nf6 4. e3 Bb4 5. Bd3 c5 6. Nge2 {[#] A85: Dutch Defence: 2 c4 Nf6 3 Nc3.} d6 $146 ({Predecessor:} 6... Nc6 7. O-O O-O 8. Qc2 d6 9. f3 Ba5 10. a3 cxd4 11. exd4 Bb6 12. Be3 e5 13. Bf2 Nxd4 14. Nxd4 Bxd4 15. Bxd4 exd4 {1-0 (37) Kvisla,J (2174)-Pettersen,J (1979) Fagernes 2015}) 7. a3 Bxc3+ 8. Nxc3 {White is slightly better.} e5 9. dxe5 dxe5 10. O-O O-O 11. b3 Nc6 12. Bb2 Be6 13. Qc2 e4 14. Be2 Qe7 15. Rad1 Rad8 {Prevents Nd5.} 16. Rxd8 (16. Nb5 {seems wilder.} h6 17. Nc3 Rfe8 18. h3 Rf8 19. Rfe1) 16... Rxd8 17. Rd1 Rxd1+ 18. Bxd1 Bf7 19. Ne2 Qd6 20. Nf4 Ne5 {[%cal Bc6e5,Be5d7,Bd7f8,Bf8e6][%mdl 32]} (20... g5 $5 {[%cal Rg5f4]} 21. Nh3 h6 $14) 21. Be2 Kf8 (21... g5 $11 {might be stronger.} 22. Qc3 Nfd7) 22. Qc3 Ned7 23. h4 Ke7 24. Kf1 h6 25. h5 Nf8 26. Ke1 b6 27. b4 Ne6 28. Nd5+ Nxd5 29. cxd5 Qxd5 30. Bc4 {This bishop pair is nice.} Qd6 31. Bxe6 Qxe6 32. bxc5 bxc5 33. Qxc5+ Ke8 34. Qxa7 {White is more active.} (34. Bxg7 $16 Qc4 35. Qf8+ (35. Qxa7 $2 {leads to mate.} Qc1+ 36. Ke2 Bc4#) 35... Kd7 36. Bb2 (36. Bxh6 $2 {gets mated.} Qc1+ 37. Ke2 Bc4#)) 34... Bxh5 ({Better is} 34... Qb3 $14 35. Qd4 (35. Bxg7 Qb1+ 36. Kd2 Qd3+ 37. Ke1 Qb1+ 38. Kd2 Qd3+ 39. Ke1 Qb1+ $11) 35... Bxh5) 35. Qb8+ (35. Qa8+ {looks sharper.} Kd7 36. Qa4+ Kd8 37. Qa5+ Ke8 38. Bxg7 Qc6 39. Kd2) 35... Kf7 ({Black should try} 35... Kd7) 36. Qc7+ $16 Qe7 37. Qxe7+ Kxe7 38. Bxg7 {[%mdl 4096] Endgame KB-KB} Kd6 39. Kd2 Kc5 40. Kc3 Kb5 41. Bxh6 {Hoping for Bf8.} Be2 $2 {[%mdl 8192]} (41... Kc5 $16) 42. Kd4 $18 Bg4 43. Ke5 Ka5 44. Bf8 Kb5 45. Kf4 Ka5 46. Bc5 Kb5 47. Bd4 Ka4 48. g3 {[%cal Of2f3] Strongly threatening f3!} Bh3 49. Bc5 Kb5 50. Bb4 Ka4 51. Kg5 Kb5 52. Kh4 Bg4 53. Bd6 $2 (53. Bf8 Ka4 54. Bb4) 53... Ka4 $2 (53... Kc4 54. a4 Kd5) 54. Kg5 Kb5 55. Be5 Ka4 {[#]} 56. Bd4 $1 {[%cal Of2f3] aiming for f3!} Bh3 57. Bc5 Kb5 58. Be7 Ka4 59. Kf4 Kb5 60. f3 exf3 61. Kxf3 Ka5 62. Kf4 Kb5 63. Kg5 (63. Bf8 $142 Kb6 64. Bb4) 63... Ka5 $2 (63... Kb6 64. Kf6 Bg4) 64. Kh4 Bf1 65. g4 fxg4 66. Kxg4 Bd3 67. Kf4 Ka6 68. Ke5 $2 (68. e4 Bxe4 69. Kxe4) 68... Kb7 $2 (68... Kb6 {was called for.}) 69. a4 Ka7 70. Bc5+ Ka6 {[#]} 71. Kd4 $2 (71. Bb4 $1 $18 Kb7 72. Kd4) 71... Bc2 {Weighted Error Value: White=0.12 (very precise) /Black=0.25 (precise)} 1/2-1/2

[Event "SRB-ch Semifinal 2022"]
[Site "Paracin"]
[Date "2022.03.20"]
[Round "5.5"]
[White "Martic, Ivan"]
[Black "Cabarkapa, Novak"]
[Result "*"]
[WhiteElo "2287"]
[BlackElo "2483"]
[Annotator "TA"]
[PlyCount "128"]
[EventDate "2022.03.17"]
[EventType "swiss"]
[EventCountry "SRB"]
[SourceTitle "playchess.com"]
[Source "ChessBase"]
[SourceQuality "1"]

{[%evp 13,128,18,16,12,8,12,10,14,24,0,4,10,13,21,20,16,27,8,12,0,0,0,25,0,7,0,39,45,73,72,146,132,131,133,133,134,134,134,134,133,133,130,124,115,129,115,127,115,129,116,120,115,165,165,167,172,181,181,173,172,174,173,174,165,189,175,168,164,189,168,183,183,189,189,189,189,211,199,211,211,211,211,211,211,211,211,341,334,333,332,333,332,357,357,357,350,353,312,272,211,350,350,351,210,340,0,340,329,376,373,365,365,347,351,323,210,202]} 1. d4 Nf6 2. Nf3 g6 3. Nbd2 Bg7 4. e4 O-O 5. Bd3 d6 6. c3 Nc6 7. O-O e5 8. d5 {B07: Pirc Defence: Miscellaneous Systems.} Nb8 {[%cal Bc6b8,Bb8a6,Ba6c5,Bc5e6][%mdl 32] [#]} 9. Re1 $146 ({Predecessor:} 9. b4 Nh5 10. Nb3 Nf4 11. Bxf4 exf4 12. Rc1 Nd7 13. c4 Ne5 14. Be2 h5 15. c5 Nxf3+ 16. Bxf3 {0-1 (44) Bhuiyan,G (2163)-Rahman,Z (2517) Dhaka 2014}) 9... c6 10. c4 {The position is equal.} a5 11. Nb1 Na6 12. Nc3 Bd7 13. h3 Nc5 14. dxc6 bxc6 15. Bc2 Qb8 16. Rb1 Ne6 17. Be3 Bc8 18. Ba4 Qc7 19. Ng5 Nxg5 20. Bxg5 Ba6 21. Rc1 {[%cal Oc3b5] Black is now going downhill.} Rfe8 {[#]} (21... h6 $142 22. Be3 Rfd8) 22. Nb5 $1 $16 {[%mdl 512]} Bxb5 (22... cxb5 $2 23. cxb5 Qb7 24. bxa6 Qxa6 25. Bxe8 Nxe8 26. Qa4 $18) 23. cxb5 c5 24. b6 Qxb6 25. Bxf6 ({Don't play} 25. Bxe8 Nxe8 26. Qb3 Qxb3 27. axb3 Rb8 $16) 25... Bxf6 26. Bxe8 Rxe8 27. Qe2 Rb8 28. Rc2 Qc6 29. Rc4 Be7 30. Qd2 Bd8 31. b3 Bc7 32. h4 {[%cal Bh3h4,Bh4h5][%mdl 32] White is more active.} Qe8 (32... h5 $16 33. g3 Kg7) 33. h5 $18 Qe6 34. Re3 {[%cal Be1e3,Be3f3,Bf3f5][%mdl 32]} g5 35. Rf3 h6 36. Rf5 Kg7 37. Qd5 Bd8 38. Qc6 Rc8 39. Qb7 {[%cal Of5f7] [#] aiming for Rxf7+!} Rc7 40. Qa8 {[%csl LRa5,LRd8]} Rd7 41. Qd5 Bb6 42. g3 Qe8 43. Kg2 Bd8 44. Rc1 {[%cal Bc4c1,Bc1d1,Bd1d5][%mdl 32]} Qe6 45. Rd1 Qxd5 46. Rxd5 {[%cal Of5e5][%mdl 4096] Endgame KRR-KRB} f6 47. Rf3 {Black must now prevent Rfd3.} Kf7 48. Rc3 {[%cal Oc3c5]} Ke6 49. g4 {To avoid f5} Be7 (49... Bb6 $142 50. f3 Rb7) 50. Rc4 Rb7 51. Kf3 Bd8 52. Ke2 Bc7 53. Kd3 Rb8 54. Kc2 Bb6 55. f3 Kd7 56. Rd1 Ke6 (56... Kc6 $142 57. Kb2 Kd7) 57. a3 Ra8 58. Ra1 (58. Ra4 $142) 58... Ra7 (58... Kd7 $142 59. Kd3 Rd8) 59. Rd1 Ra8 $1 60. Kc3 Kd7 61. Ra4 Ke6 62. Kc4 Rc8 63. Kb5 Bd8 64. Rd3 Rb8+ {Weighted Error Value: White=0.16 (very precise) /Black=0.15 (very precise)} *

[Event "SRB-ch Semifinal 2022"]
[Site "Paracin"]
[Date "2022.03.20"]
[Round "5.7"]
[White "Zivkovic, Nemanja"]
[Black "Velikic, Adela"]
[Result "0-1"]
[WhiteElo "2380"]
[BlackElo "2258"]
[Annotator "TA"]
[PlyCount "66"]
[EventDate "2022.03.17"]
[EventType "swiss"]
[EventCountry "SRB"]
[SourceTitle "playchess.com"]
[Source "ChessBase"]
[SourceQuality "1"]

{[%evp 15,66,17,15,15,20,6,8,6,13,0,0,4,4,-10,-16,-17,-5,-68,-73,-66,-73,-75,-71,-115,-109,-116,-114,-133,-135,-200,-200,-212,-213,-225,-208,-239,-224,-226,-227,-370,-373,-357,-360,-504,-496,-629,-499,-494,-445,-452,-443,-631,-625]} 1. e4 c5 2. Nf3 d6 3. Bb5+ Nd7 4. c3 Ngf6 5. Qe2 a6 6. Ba4 {[%cal Bb5a4,Ba4c2,Bc2d3][%mdl 32]} b5 7. Bc2 Bb7 8. O-O e6 9. d4 {B51: Sicilian: Moscow Variation (3 Bb5+) without 3...Bd7.} Be7 10. Re1 O-O 11. Nbd2 {The position is equal.} Qc7 12. Bd3 Rfc8 13. Nf1 b4 14. cxb4 cxd4 $1 15. Nxd4 Ne5 {[#]} 16. Bd2 $146 (16. a3 $11) ({Predecessor:} 16. Ng3 Qb6 17. Nc2 d5 18. Be3 Qc6 19. Nd4 Qd7 20. a3 dxe4 21. Bc2 Nd3 22. Red1 Nxb2 {0-1 (40) Rasik,V (2451)-Keymer,V (2591) Tornelo INT 2021}) 16... Nxd3 $15 17. Qxd3 Qc4 18. Qxc4 {White is on the road to losing.} Rxc4 19. Nb3 (19. Rac1 $142 Rac8 20. Rxc4 Rxc4 21. Rc1 Rxc1 22. Bxc1) 19... Nxe4 $17 20. a3 Nxd2 {Black is more active.} 21. Nfxd2 Rc2 22. Rac1 (22. Nf1 $17 {was necessary.}) 22... Rac8 $19 {[%cal Ba8c8,Bc8c2,Bc2b2,Bb2b1][%mdl 32]} ({And not} 22... Rxb2 23. Rc7 Bd5 24. Rxe7 $17) 23. Rxc2 Rxc2 24. Rc1 Rxb2 25. Rc7 {[#]} Bd5 26. Rxe7 {[%cal Re7e8]} Kf8 {To avoid Re8+} 27. Rd7 (27. Rc7 $142 Bxb3 28. Nxb3 Rxb3 29. Kf1) 27... Bxb3 28. Rxd6 {[%mdl 4096] Endgame KRB-KRN} Bd5 29. Nf1 Rb1 {Black is clearly winning.} 30. Rd8+ Ke7 31. Rc8 Be4 {...Bd3 is the strong threat.} 32. Rc7+ Kf6 {Strongly threatening ...Bd3.} 33. Rd7 {To avoid Bd3} (33. Rc3 $142 Rd1 34. f4) 33... Bc6 {Weighted Error Value: White=0.42/Black=0.01 (flawless)} 0-1

[Event "SRB-ch Semifinal 2022"]
[Site "Paracin"]
[Date "2022.03.20"]
[Round "5.8"]
[White "Stanojevic, Ilija"]
[Black "Djordjevic, Vuk"]
[Result "0-1"]
[WhiteElo "2155"]
[BlackElo "2382"]
[Annotator "TA"]
[PlyCount "78"]
[EventDate "2022.03.17"]
[EventType "swiss"]
[EventCountry "SRB"]
[SourceTitle "playchess.com"]
[Source "ChessBase"]
[SourceQuality "1"]

{[%evp 12,78,22,0,0,-33,-14,3,-12,-72,18,22,39,2,4,-17,22,-70,-68,-73,-74,-85,-75,-98,-93,-158,-146,-137,-154,-152,-97,-107,-86,-61,-73,-86,-75,-63,-60,-60,-74,-242,-249,-254,-270,-356,-343,-512,-515,-557,-571,-598,-547,-649,-630,-649,-639,-626,-605,-756,-752,-772,-748,-688,-582,-834,-800,-1924,-1754]} 1. d4 Nf6 2. c4 e6 3. g3 d5 4. Bg2 Bb4+ 5. Nd2 O-O 6. Ngf3 dxc4 7. O-O b5 {E04: Open Catalan: 5 Nf3.} 8. b3 c3 9. Nb1 {[%cal Bd2b1,Bb1c3,Bc3b5][%mdl 32]} Bb7 {The position is equal.} 10. a3 {[#]} (10. Qe1 $11) 10... Bd6 {Black is more active.} ({Much weaker is} 10... Ba5 11. b4 Bb6 12. Nxc3 $11) (10... Be4 $1 $17 {And now ...c2 would win.} 11. Ne1 (11. axb4 $2 c2 $19) 11... Bxg2 12. Kxg2 Ba5) 11. Nxc3 $11 {[#]} b4 $146 ({Predecessor:} 11... a6 12. Bf4 Nbd7 13. Qc2 Bxf4 14. gxf4 c5 15. dxc5 Qc7 16. b4 Qxf4 17. Qd2 Qg4 {0-1 (54) Brazdzionis,A (2355)-Zajic,M (2477) Batumi 2019}) 12. Nb5 a5 13. Qc2 Na6 (13... Be4 $5 {[%cal Re4c2]} 14. Qc4 Bd5 $11) 14. Ng5 (14. Bg5 $11) 14... Bxg2 $15 15. Kxg2 Be7 $1 {Strongly threatening ...Qd7.} 16. a4 {[#]} Qd5+ $1 17. e4 Qb7 18. Kg1 (18. d5 $142 h6 19. Nf3) 18... h6 $17 19. e5 hxg5 20. exf6 Bxf6 (20... gxf6 $142 {...c6 is the strong threat.} 21. d5 Qxd5) 21. Be3 Rfc8 22. Rac1 Qd5 $1 $36 {[%mdl 2048] Black has strong initiative.} 23. Qc4 c6 {aiming for ...Qd8.} 24. Qxd5 exd5 25. Nd6 Rc7 26. Rc2 $2 {Now White is beyond hope.} (26. Nf5 $17) 26... Rd8 $19 27. Nf5 {[#]} c5 $1 ({And not} 27... g6 28. Nh6+ Kg7 29. Ng4 $15) 28. Rfc1 c4 {[%cal Oc4b3]} 29. bxc4 (29. Rb1 {is a better defense.}) 29... b3 {Black is clearly winning.} 30. Rb2 dxc4 31. Bd2 Rd5 32. Ne3 {[#]} Bxd4 $1 33. Nxd5 Bxb2 34. Rb1 {[#]} Rc5 35. Nc3 (35. Ne3 Bd4) 35... Bxc3 36. Bxc3 Nb4 37. Kf1 Na2 38. Bd4 Rd5 39. Be3 Nc3 {[%csl LRa4,LRb1] Weighted Error Value: White=0.60/Black=0.10 (very precise)} 0-1

[Event "SRB-ch Semifinal 2022"]
[Site "Paracin"]
[Date "2022.03.20"]
[Round "5.9"]
[White "Tadic, Stefan"]
[Black "Blagojevic, Tijana"]
[Result "1-0"]
[WhiteElo "2336"]
[BlackElo "2260"]
[Annotator "TA"]
[PlyCount "95"]
[EventDate "2022.03.17"]
[EventType "swiss"]
[EventCountry "SRB"]
[SourceTitle "playchess.com"]
[Source "ChessBase"]
[SourceQuality "1"]

{[%evp 10,95,0,0,0,-23,0,0,18,0,6,-3,-1,-7,55,44,48,44,91,89,84,112,102,82,210,232,213,231,205,185,229,145,163,152,332,194,377,377,381,343,403,393,386,380,386,315,392,387,551,484,490,477,466,459,459,451,404,259,633,608,628,620,745,545,729,715,1070,1047,959,669,4818,4818,29983,1062,29983,29984,29985,29986,29987,29988,29988,29980,29989,29990,29990,29991,29991,29991]} 1. e4 e5 2. Nf3 Nc6 3. g3 Nf6 4. d3 d5 5. exd5 Nxd5 6. Bg2 Bg4 {6...g6 is the modern continuation. C44: Ponziani Opening and Scotch Gambit.} 7. h3 Bh5 (7... Bb4+ $2 8. c3 Bf5 9. cxb4 $16) 8. O-O Be7 {The position is equal.} (8... Bc5 {seems wilder.} 9. Re1 O-O 10. c3 Bb6 11. a4 a5) 9. Re1 f6 10. g4 Bf7 11. d4 {[%cal Rd4e5,Bd3d4,Bd4d5][%mdl 32] [#]} Nf4 $146 (11... O-O $11) ({Predecessor:} 11... exd4 12. Nxd4 Nxd4 13. Qxd4 O-O 14. c3 c6 15. Nd2 Re8 16. Nf3 Qc7 17. Bd2 Rad8 18. Qxa7 Nb6 19. Bf4 Qxf4 20. Qxb6 Rd3 21. Qxb7 Rxf3 22. Rxe7 {1-0 (22) Sadorra,J (2514)-Mendoza,B (2012) Chess.com INT 2016}) 12. Bxf4 $14 exf4 13. Nc3 Qd7 (13... O-O $14) 14. d5 $16 Ne5 15. Nxe5 fxe5 16. Rxe5 O-O-O (16... O-O $16 {might work better.}) 17. Qd4 $18 {[%csl LRa7,LRf4]} c5 {[#]} 18. Qc4 (18. Qxf4 Bd6 $14) 18... h5 19. Bf3 $36 {[%cal Rg4h5][%mdl 2048] White is on the roll.} (19. Qxf4 Bd6 $11) 19... Kb8 (19... a6 {keeps fighting.} 20. Rae1 (20. Qxf4 Bd6 $16) (20. gxh5 Kb8 $16) 20... Bd6) 20. Rd1 (20. Qxf4 $6 Bd6 21. Ne4 (21. gxh5 $2 Rhe8 $19) 21... Bxe5 22. Qxe5+ Ka8 $16) (20. gxh5 a6 21. Rd1 (21. Qxf4 Bd6 $16) (21. Bg4 Qc7 $16) 21... Ka8) 20... hxg4 21. Bxg4 Qd6 {This costs Black the game.} (21... Qc7 $16 22. Rde1 (22. Qxf4 Bd6 $11) 22... Bf6) 22. Rf5 (22. Qxf4 Bf6 23. Re4 Qxf4 24. Rxf4 Bg6 $14) (22. Rde1 $142 Bf6 {[#]} 23. Nb5 $1 (23. Qxf4 a6 $14) 23... Bxe5 24. Nxd6 Bxd6 25. Qd3) 22... Bg6 $2 (22... Be8 {was called for.} 23. Ne4 (23. Rxf4 a6 $16) (23. Qxf4 Qxf4 24. Rxf4 Bd6 $16) 23... Qc7) 23. Nb5 Qb6 24. Re5 a6 25. Rxe7 Qxb5 26. Qxf4+ Ka8 27. d6 Bxc2 28. Rd2 Qxb2 (28... Rhf8 $142 29. Qe5 Ba4) 29. Bf3 Rhf8 30. Qe3 {Active counter play!} Rxf3 31. Qxf3 Qb1+ 32. Kh2 {[%cal Od2c2] And now Rxc2! would win.} Ba4 33. Qe4 Qb5 (33... Qxe4 34. Rxe4 Bd7) 34. d7 {[%cal Oe7e8] Black must now prevent Re8!} Ka7 35. Rxg7 c4 36. Rd5 Qc6 37. Qd4+ b6 38. Rd6 Qc7 39. Rg3 Bxd7 40. Kg1 {White threatens Rg7 and mate.} Kb7 41. h4 (41. Rg7 $142 Kc8 42. Rxb6 a5 43. Ra6 Qc6 44. Qa7 Qe4 45. Qc5+ Kb8 46. Qxa5) 41... b5 42. h5 {[%cal Bh4h5,Bh5h6][%mdl 32] White mates.} b4 43. h6 c3 44. Qxb4+ Bb5 45. Rxd8 c2 46. Qe4+ Kb6 47. Qe3+ Ka5 48. Qc3+ {Weighted Error Value: White=0.32/Black=0.79} 1-0

[Event "SRB-ch Semifinal 2022"]
[Site "Paracin"]
[Date "2022.03.20"]
[Round "5.10"]
[White "Todorovic, Goran M"]
[Black "Gajcin, Marina"]
[Result "1/2-1/2"]
[WhiteElo "2336"]
[BlackElo "2254"]
[Annotator "NA RC"]
[PlyCount "72"]
[EventDate "2022.03.17"]
[EventType "swiss"]
[EventCountry "SRB"]
[SourceTitle "playchess.com"]
[Source "ChessBase"]
[SourceQuality "1"]
[TimeControl "40/5400+30:1800+30"]

1. e4 {[%emt 0:00:04]} c5 {[%emt 0:01:03]} 2. Nf3 {[%emt 0:00:04]} Nc6 {[%emt 0:00:13]} 3. d4 {[%emt 0:00:11]} cxd4 {[%emt 0:00:21]} 4. Nxd4 {[%emt 0:00:10]} Nf6 {[%emt 0:00:32]} 5. Nc3 {[%emt 0:00:06]} e5 {[%emt 0:00:08]} 6. Ndb5 {[%emt 0:00:18]} d6 {[%emt 0:00:10]} 7. Bg5 {[%emt 0:00:53]} a6 {[%emt 0:00:08]} 8. Na3 {[%emt 0:00:07]} b5 {[%emt 0:00:09]} 9. Bxf6 {[%emt 0:00:34]} gxf6 {[%emt 0:00:06]} 10. Nd5 {[%emt 0:00:35]} Bg7 {[%emt 1:32:40]} 11. c3 {[%emt 0:00:55]} f5 {[%emt 0:00:00]} 12. Bd3 {[%emt 0:01:38]} Ne7 {[%emt 0:00:00]} 13. Nxe7 {[%emt 0:01:06]} Qxe7 {[%emt 0:00:00]} 14. O-O {[%emt 1:30:49]} O-O {[%emt 0:00:00]} 15. Nc2 {[%emt 0:00:30]} f4 {[%emt 0:02:30]} 16. a4 {[%emt 0:00:30]} Qb7 {[%emt 0:00:30]} 17. axb5 {[%emt 0:00:30]} axb5 {[%emt 0:00:00]} 18. Rxa8 {[%emt 0:00:00]} Qxa8 {[%emt 0:00:00]} 19. Nb4 {[%emt 0:01:00]} Bb7 {[%emt 0:01:30]} 20. Re1 {[%emt 0:00:30]} f5 {[%emt 0:00:30]} 21. f3 {[%emt 0:00:30]} ({But not} 21. exf5 Bxg2 22. Bxb5 Rxf5 23. Bc4+ (23. Qg4 Rf6 $15) 23... Kh8 $11) 21... Kh8 {[%emt 0:00:00]} 22. Kh1 $14 {[%emt 0:00:00]} Bf6 {[%emt 0:00:00]} 23. Bc2 {[%emt 0:01:00]} Rd8 {[%emt 0:01:30]} 24. Qd3 {[%emt 0:00:30]} Qa7 {[%emt 0:00:30]} 25. Qxb5 {[%emt 0:00:00]} fxe4 {[%emt 0:00:30]} 26. fxe4 {[%emt 0:00:00]} f3 {[%emt 0:00:30]} 27. gxf3 {[%emt 0:00:00]} Bh4 {[%emt 0:00:00]} 28. Rf1 {[%emt 0:00:00]} Bc8 {[%emt 0:00:00]} 29. Nc6 {[%emt 0:00:00]} Qd7 {[%emt 0:01:30]} 30. Bb3 {[%emt 0:00:00]} Rf8 {[%emt 0:00:30]} 31. Rg1 {[%emt 0:00:00]} Qe8 {[%emt 0:00:00]} 32. Qc4 {[%emt 0:00:00]} Bh3 {[%emt 0:00:00]} 33. Qd5 {[%emt 0:00:00]} Bf2 {[%emt 0:00:00]} 34. Rg5 {[%emt 0:05:00]} Bh4 {[%emt 0:00:00]} 35. Rg1 {[%emt 0:00:00]} Bf2 {[%emt 0:02:30]} 36. Rg5 {[%emt 0:00:00]} Bh4 {[%emt 0:00:00]} 1/2-1/2

[Event "SRB-ch Semifinal 2022"]
[Site "Paracin"]
[Date "2022.03.21"]
[Round "6.1"]
[White "Pap, Misa"]
[Black "Ratkovic, Milovan"]
[Result "1/2-1/2"]
[WhiteElo "2372"]
[BlackElo "2440"]
[Annotator "TA"]
[PlyCount "121"]
[EventDate "2022.03.17"]
[EventType "swiss"]
[EventCountry "SRB"]
[SourceTitle "playchess.com"]
[Source "ChessBase"]
[SourceQuality "1"]

{[%evp 16,121,54,29,48,22,22,22,47,45,38,43,37,47,36,22,49,39,47,38,52,39,15,27,45,43,91,55,53,48,84,10,4,14,15,0,0,0,0,0,0,0,0,0,0,0,0,0,0,0,0,-8,-8,-8,-8,-8,-8,-8,-8,-97,-61,-61,-8,-61,-54,-52,0,-61,-8,-8,-8,-8,-8,-5,-8,-38,-39,-41,-41,-57,-72,-94,-19,-19,-19,-19,0,-8,0,0,0,0,0,0,0,0,0,0,0,0,0,0,0,0,0,0,0,0]} 1. e4 c5 2. Nf3 {[%cal Bg1f3,Bf3d4,Bd4b3][%mdl 32]} d6 3. d4 cxd4 4. Nxd4 Nf6 5. Nc3 Nc6 6. Bg5 Qb6 7. Nb3 e6 8. Bxf6 gxf6 9. Qd2 Bd7 {B60: Sicilian: Richter-Rauzer: Unusual Black 6th moves and 6...Bd7 without 7 Qd2.} 10. O-O-O (10. Be2 {seems wilder.} O-O-O 11. O-O a6 12. Rfd1 Kb8 13. a4) 10... Na5 11. f4 (11. Kb1 {feels hotter.} O-O-O 12. f4 h5 13. Be2 Kb8 14. Rhf1) 11... Nxb3+ 12. axb3 O-O-O 13. Kb1 Kb8 {[#]} 14. Bc4 $146 ({Predecessor:} 14. Be2 Qc5 15. Rhf1 h5 16. f5 Qe5 17. h3 Bc6 18. Bf3 Bh6 19. Qd3 Bg5 20. h4 Bxh4 {1-0 (49) Smirnov,P (2624)-Nijboer,F (2553) Warsaw 2005}) 14... h5 15. Rhf1 Qc5 16. f5 Qe5 17. g3 h4 18. g4 h3 19. Rf3 Bc6 20. Qf2 b5 (20... Re8 $14) 21. Bd3 {White is more active.} Be7 {[%cal Bf8e7,Be7d8,Bd8b6,Bb6d4][%mdl 32]} 22. b4 Rdg8 {[#]} 23. Rg1 (23. Qf1 $1 $16) 23... Bd8 $1 $11 24. Rgg3 Rh4 25. Rxh3 Rhxg4 26. Rhg3 Bb6 27. Qf1 Rxg3 28. hxg3 a6 ({Don't play} 28... Rxg3 29. Rxg3 Qxg3 30. Bxb5 $16) 29. fxe6 fxe6 30. Rxf6 Bd4 {A strong pair of Bishops.} 31. Rf8+ Rxf8 32. Qxf8+ Kc7 33. Qg8 Bxc3 34. bxc3 Qxc3 35. Qxe6 Qxb4+ 36. Ka2 $1 Qa4+ 37. Kb2 (37. Kb1 $11 {keeps the balance.}) 37... Qd4+ $17 38. Ka2 Bd7 (38... Qg7 $1 $15 39. Qh3 Bd7) 39. Qe7 (39. Qg8 $11) 39... Qa4+ 40. Kb2 Qd4+ 41. Ka2 Kc6 (41... Qe5 $15 42. Qxe5 dxe5) 42. Qd8 $11 Qa4+ 43. Kb2 Qb4+ 44. Kc1 a5 {next ...a4 is good for Black.} 45. Qa8+ Kc7 46. Qa7+ Kd8 47. Qb8+ Ke7 48. Qg8 Qd4 (48... Qc5 $17) 49. Qg5+ {The position is equal.} Qf6 50. Qh4 b4 51. Kb1 Qxh4 52. gxh4 {[%mdl 4096] Endgame KB-KB} Kf6 53. c3 Ke5 (53... bxc3 $5 54. Kc2 Be8 $11) 54. cxb4 axb4 55. Kb2 Be6 56. h5 Kf6 57. h6 Kg6 58. e5+ Kxh6 59. exd6 Kg5 60. d7 Bxd7 61. Kb3 {Weighted Error Value: White=0.10 (very precise) /Black=0.11 (very precise)} 1/2-1/2

[Event "SRB-ch Semifinal 2022"]
[Site "Paracin"]
[Date "2022.03.21"]
[Round "6.2"]
[White "Budisavljevic, Luka"]
[Black "Arsovic, Zoran"]
[Result "1-0"]
[WhiteElo "2511"]
[BlackElo "2360"]
[Annotator "TA"]
[PlyCount "98"]
[EventDate "2022.03.17"]
[EventType "swiss"]
[EventCountry "SRB"]
[SourceTitle "playchess.com"]
[Source "ChessBase"]
[SourceQuality "1"]

{[%evp 9,98,17,25,18,18,11,6,12,22,0,35,23,43,39,64,40,60,59,74,45,50,47,57,37,41,49,62,58,46,25,22,22,58,45,59,59,61,61,65,67,79,69,92,98,91,95,103,77,121,106,125,95,129,100,113,82,131,126,179,167,191,195,205,205,259,207,192,185,228,221,228,228,220,206,206,204,262,251,564,564,502,502,854,1298,1298,1264,1150,998,691,639,29988]} 1. d4 Nf6 2. c4 e6 3. Nc3 Bb4 4. Qc2 d6 5. e3 O-O 6. Bd3 {E32: Nimzo-Indian: Classical (4 Qc2): 4...0-0.} c5 7. Nge2 d5 8. cxd5 {The position is equal.} exd5 {[#]} 9. a3 $146 ({Predecessor:} 9. dxc5 Nc6 10. O-O Bxc5 11. b3 Re8 12. Bb2 Nb4 13. Qd2 Ng4 14. Bb5 Re6 15. Nf4 Nxh2 16. Nxe6 Nxf1 17. Nxd8 Nxd2 {½-½ (21) Sanchez Rodenas,A (2347)-Jung,R (2356) ICCF email 2020}) 9... cxd4 10. Nxd4 Ba5 11. b4 Bb6 12. Nce2 {White is much more active.} Re8 13. Bb2 Bg4 14. Ng3 Bxd4 15. Bxd4 Nc6 16. Qb2 Nxd4 17. Qxd4 Qb6 18. Qxb6 axb6 19. h3 Bd7 20. Kd2 {[%cal Be1d2,Bd2c1,Bc1b2][%mdl 32]} Rec8 21. Rhc1 Rxc1 22. Kxc1 Kf8 23. Kb2 Ke7 24. Rd1 g6 25. Ne2 h5 26. Nc3 Be6 27. Bc2 Rd8 28. Bb3 Rd6 (28... h4 $142) 29. Rd4 Rd7 30. f3 Rd6 31. Kc1 Rd8 32. Kd2 Ra8 (32... g5 $142) 33. a4 $16 (33. Bxd5 $6 Nxd5 34. Nxd5+ Bxd5 35. Rxd5 Rxa3 $11) 33... Ra7 (33... Kf8 $16 34. g4 hxg4 35. hxg4 g5 36. Nxd5 (36. Bxd5 Nxd5 37. Nxd5 Rxa4 $16) 36... Bxd5 37. Bxd5 Rxa4) 34. g4 $18 hxg4 35. hxg4 g5 36. Bxd5 Nxd5 37. Rxd5 Rxa4 {[%mdl 4096] Endgame KRB-KRN} 38. Rb5 (38. Nxa4 $6 Bxd5 39. e4 b5 $14) (38. Rxg5 $6 Rxb4 39. Nd5+ Bxd5 40. Rxd5 Ke6 $16) 38... Ra1 (38... Ra7 $142 39. Rxb6 (39. Rxg5 Ra8 $16) 39... Bd7) 39. Rxb6 (39. Rxg5 $6 Kd7 $16) 39... Rf1 40. Rxb7+ Kd6 41. Rb5 {Hoping for Ne4+.} Rxf3 42. Ne4+ (42. Rxg5 $6 Rf2+ 43. Kd3 Rb2 $16) 42... Kc6 43. Rc5+ ({Don't take} 43. Rxg5 $6 Rf1 44. Nc5 Bc4 $18) ({And not} 43. Nxg5 Rf2+ 44. Ke1 Kxb5 $11) 43... Kb6 $2 {[#]} (43... Kd7 {is a better chance.} 44. Rxg5 (44. Nxg5 Rf2+ 45. Kc3 Bxg4 $16) 44... Kc6 45. Rc5+ Kb7) 44. Nxg5 {White is clearly winning.} Rf2+ 45. Ke1 Rg2 (45... Rb2 $142 46. Nxe6 fxe6) 46. Nxe6 fxe6 47. Rc4 {[#] Kf1 is the strong threat.} Kb5 48. Re4 {Threatens to win with Kf1.} Kc6 49. Kf1 Kd5 {Weighted Error Value: White=0.08 (flawless) /Black=0.24 (precise)} 1-0